Statistics for Band Names by Synonym #1

Click here to take the quiz!

General Stats

  • This quiz has been taken 116,599 times
    (92,251 since last reset)
  • The average score is 14 of 24

Answer Stats

SynonymBand Name% Correct
Pistols N' FlowersGuns N' Roses
99%
The CopsThe Police
89%
The Shore GuysThe Beach Boys
85%
Intercourse HandgunsSex Pistols
84%
ToxinPoison
76%
Albino SerpentWhitesnake
74%
The Spinning PebblesThe Rolling Stones
73%
LocomotiveTrain
70%
Thankful DeceasedGrateful Dead
69%
Speaking NogginsTalking Heads
68%
The UndeadThe Zombies
66%
Dark SundayBlack Sabbath
58%
Inexpensive PrankCheap Trick
51%
HurryRush
51%
Monarchs of CastilleKings of Leon
50%
Fate's OffspringDestiny's Child
48%
The Ebony UnlockersThe Black Keys
45%
Polar SimiansArctic Monkeys
40%
Teal Möllusc SectBlue Öyster Cult
34%
Silent UprisingQuiet Riot
34%
EnlightenmentNirvana
33%
Rock Church AviatorsStone Temple Pilots
31%
Betrayer DeaconJudas Priest
26%
Humble RodentModest Mouse
24%

Score Distribution

Percentile by Number Answered

Percent of People with Each Score

Your Score History

You have not taken this quiz since the last reset